000 00352nam a2200121Ia 4500
008 231129s9999||||xx |||||||||||||| ||spa||
020 _a84-7530-683-7
082 _a332.642 T454d
100 _aThomas Gordon
245 0 _aEl dia en que se hundio la bolsa
264 _aBarcelona : Orbis c1986.
942 _2ddc
_cBKS
999 _c10861
_d10861